Computer Security: Art and Science (Record no. 23345)

000 -LEADER
fixed length control field 00263nam a22000977a 4500
008 - FIXED-LENGTH DATA ELEMENTS--GENERAL INFORMATION
fixed length control field 130411b xxu||||| |||| 00| 0 eng d
020 ## - INTERNATIONAL STANDARD BOOK NUMBER
Terms of availability Avalable
082 ## - DEWEY DECIMAL CLASSIFICATION NUMBER
Classification number 005.1BIS
245 ## - TITLE STATEMENT
Title Computer Security: Art and Science
Statement of responsibility, etc. Bishop, Matt
260 ## - PUBLICATION, DISTRIBUTION, ETC.
Place of publication, distribution, etc. India
Name of publisher, distributor, etc. Prentice- Hall
Date of publication, distribution, etc. 2003
Holdings
Withdrawn status Lost status Source of classification or shelving scheme Damaged status Not for loan Permanent Location Current Location Shelving location Date acquired Full call number Barcode Date last seen Price effective from Koha item type
          NUST Baluchistan Campus (NBC) NUST Baluchistan Campus (NBC) General Stacks 04/11/2013 005.8BIS RCMS000057 04/11/2013 04/11/2013 Book
© 2023 Central Library, National University of Sciences and Technology. All Rights Reserved.